| 000 | 00623nam a2200205Ia 4500 | ||
|---|---|---|---|
| 003 | OSt | ||
| 005 | 20251104124003.0 | ||
| 008 | 230105s9999||||xx |||||||||||||| ||und|| | ||
| 020 | _a9781848602090 | ||
| 040 | _cChuka University Library | ||
| 050 |
_aLB 2805 _bP75 2010 |
||
| 100 |
_aTony Bush, Les Bell and David Middlewood (ed) _94393 |
||
| 245 | 4 | _aThe principles of educational leadership and management | |
| 250 | _a2nd ed. | ||
| 260 |
_aLondon _bSage _c2010 |
||
| 300 |
_a300p. _bIllustrated |
||
| 650 |
_aSchool management and organization _910156 |
||
| 650 |
_aEducational leadership _911614 |
||
| 942 |
_cBK _2lcc _01 |
||
| 999 |
_c7018 _d7018 |
||